Sports Quiz

Random Sports or Basketball Quiz

NBA: Largest Share of Franchise Points Quiz Stats

 Plays Quiz Updated Mar 15, 2017

Challenge
Share
Tweet
Embed
Score 0/97 Timer 11:00
2 Plays Today
Team Name % Correct
CHIMichael Jordan
95.6%
MIADwyane Wade
95%
DALDirk Nowitzki
93.9%
UTAKarl Malone
93.6%
SASTim Duncan
92.8%
MINKevin Garnett
91.6%
CLELeBron James
91.4%
MIALeBron James
91.4%
LALKobe Bryant
89.9%
NOPAnthony Davis
87.4%
PHOWalter Davis
87%
LALJerry West
86.3%
NOPDavid West
86.2%
ORLShaquille O'Neal
84.1%
SASTony Parker
83.4%
INDReggie Miller
83.2%
SASDavid Robinson
82.8%
MEMMike Miller
82.5%
OKCKevin Durant
82.5%
TORVince Carter
82.4%
NOPChris Paul
80.7%
MEMMarc Gasol
79.7%
MEMPau Gasol
79.5%
UTAJohn Stockton
79.3%
OKCRussell Westbrook
78.8%
HOUHakeem Olajuwon
78.1%
LALMagic Johnson
77.6%
CHALarry Johnson
77%
BOSLarry Bird
76.5%
HOUJames Harden
74.1%
DENCarmelo Anthony
73.4%
PHIAllen Iverson
71.5%
ORLTracy McGrady
70.6%
Team Name % Correct
TORChris Bosh
69.8%
BOSPaul Pierce
69.2%
TORDeMar DeRozan
68.4%
ORLDwight Howard
68.3%
MILKareem Abdul-Jabbar
67.8%
LALKareem Abdul-Jabbar
67.8%
SASManu Ginobili
66.4%
CHIScottie Pippen
65.3%
GSWWilt Chamberlain
63.1%
CHADell Curry
59.5%
DETIsiah Thomas
58.8%
PORClyde Drexler
58.3%
NYKPatrick Ewing
57.7%
MEMMike Conley
57.6%
TORKyle Lowry
57.4%
ORLAnfernee Hardaway
57.4%
SASGeorge Gervin
56.1%
ATLDominique Wilkins
55.2%
MEMZach Randolph
53%
OKCGary Payton
52.6%
MIAAlonzo Mourning
50.1%
DENAlex English
48%
PHIJulius Erving
47.7%
LACRandy Smith
46.1%
CHAKemba Walker
46%
BRKBuck Williams
44.8%
DENDavid Thompson
44.3%
BOSJohn Havlicek
44.1%
SACOscar Robertson
41.8%
MINKevin Love
39.5%
LALElgin Baylor
37.3%
BOSRobert Parish
36.1%
CHAGerald Wallace
36.1%
Team Name % Correct
DALJason Terry
30.6%
ORLNick Anderson
27.4%
WASElvin Hayes
26.9%
UTAAdrian Dantley
26.5%
PORLaMarcus Aldridge
26.3%
MEMRudy Gay
26%
DALMichael Finley
26%
ATLBob Pettit
25.6%
ORLJameer Nelson
24.9%
MIAGlen Rice
24.2%
BRKBrook Lopez
23.9%
NOPJrue Holiday
23.5%
DALMark Aguirre
21.9%
MEMShareef Abdur-Rahim
18.2%
INDRik Smits
17.6%
DALRolando Blackman
16.7%
OKCFred Brown
13.4%
ORLHedo Turkoglu
13.3%
PHIHal Greer
13.2%
DALDerek Harper
11.8%
PHIDolph Schayes
11.6%
DENDan Issel
11.5%
PHOAlvan Adams
11.3%
HOUCalvin Murphy
11.3%
TORAndrea Bargnani
10.1%
TORMorris Peterson
9.5%
MINWally Szczerbiak
7.9%
HOURudy Tomjanovich
5%
UTADarrell Griffith
4.8%
MINSam Mitchell
4.3%
INDBilly Knight
2.7%

You're not logged in!

Compare scores with friends on all Sporcle quizzes.
OR
Log In

You Might Also Like...

Show Comments

Extras

Top Quizzes Today


Score Distribution

Your Account Isn't Verified!

In order to create a playlist on Sporcle, you need to verify the email address you used during registration. Go to your Sporcle Settings to finish the process.

Report this User

Report this user for behavior that violates our Community Guidelines.

Details: